000 01219nam0a22002531 4500
001 rc\332377
005 20260407095209.0
035 _a(NLR Aleph) 005567617
090 _a5977885
_c5977885
100 _a20030307d1989 |||y0rusy50 ca
101 0 _arus
102 _aRU
105 _aa |||||||||
200 1 _aБиогеоценологические исследования лесов техногенных ландшафтов степной Украины
_eМежвуз. сб. науч. тр.
_fДнепропетр. гос. ун-т им. 300-летия воссоединения Украины с Россией
_g[Редкол.: А.П. Травлеев (отв. ред.) и др.]
210 _aДнепропетровск
_cДГУ
_d1989
215 _a182, [1] с.
_cил.
_d20
320 _aБиблиогр. в конце ст.
702 1 _aТравлеев
_bА.П.
_gАнатолий Павлович
_4340
712 0 2 _aДнепропетровский университет им. 300-летия воссоединения Украины с Россией
_3RU\NLR\AUTH\889922013
_9340064
801 0 _aRU
_bNLR
_gpsbo
801 1 _aRU
_bELAR
_2rusmarc
852 _aNLR
_j90-3/3741
942 _cBOOK
980 _aNB